| 000 | 00431 a2200145 4500 | ||
|---|---|---|---|
| 999 |
_c3201 _d3201 |
||
| 020 | _a9781847941008 | ||
| 050 | _aHD 58.8 SUT 2014 | ||
| 100 | _aSutton, Robert I | ||
| 245 |
_aScaling up excellence _bgetting to more without settling for less / _cRobert I Sutton and Huggy Rao |
||
| 264 |
_aLondon _bRandom House _c2014 |
||
| 300 | _axxvii,346p. | ||
| 500 | _ainclude index | ||
| 650 | _aExcellence | ||
| 942 |
_2lcc _cBK _h58.8 _iSUT _kHD |
||